Ley 24-97 : (Registro nro. 14129)

Detalles MARC
000 -LIDER
fixed length control field 01355nam a2200289 a 4500
001 - NÚMERO DE CONTROL
Identificador de número de control 000005381
003 - IDENTIFICACDOR DE NÚMERO DE CONTROL
control field DO-SdBNP
005 - DATE AND TIME OF LATEST TRANSACTION
control field 20220331074758.0
007 - CAMPOS FIJOS DE DESCRIPCIÓN FÍSICA
fixed length control field ta
008 - ELEMENTOS DE LONGITUD FIJA
fixed length control field 090819s2002 dr r 001 0 spa d
040 ## - FUENTE DE CATALOGACIÓN
Agencia que crea de manera original el registro DO-SdBNP
Idioma de catalogación spa
Agencia que realiza la transcripción BPMSU
082 #4 - NÚMERO DE CLASIFICACIÓN DECIMAL DE DEWEY
Classification number 346.72930134
Item number R426L 2002
Edition number 22
110 2# - ASIENTO PRINCIPAL--NOMBRE CORPORATIVO
Nombre corporativo o de jurisdicción República Dominicana
240 ## - TITULO UNIFORME
Título uniforme Leyes, decretos, etc.
245 10 - MENCIÓN DE TITULO
Título Ley 24-97 :
Subtítulo sobre violencia intrafamiliar /
Mención de responsabilidad presentación Yadira Henríquez de Sánchez Baret.
250 ## - MENCIÓN DE EDICION
Mención de edición 6a. ed.
260 ## - PUBLICACIÓN, DISTRIBUCIÓN, ETC. (PIE DE IMPRENTA)
Lugar de publicación, distribución, etc Santo Domingo :
Nombre del editor, distribuidor, etc. Secretaría de Estado de la Mujer,
Fecha de publicación, distribución, etc 2002.
300 ## - DESCRIPCIÓN FÍSICA
Extensión 53 p. ;
Dimensiones 22 cm.
505 ## - NOTA DE CONTENIDO
Texto normalizado de contenido Las agresiones sexuales 20 -- Otras agresiones sexuales 23 -- Atentados contra la personalidad y la dignidad de la persona 26 -- De los atentados a niños, niñas y adolescentes. Atentados a la filiación 30 -- Abandono y maltrato de niños, niños y adolescentes 32 -- Secuestro, traslado, ocultamiento de niños, niñas y adolescentes 26 -- Atentados al ejercicio de la autoridad del padre y la madre 35 -- Abandono de familia 40
590 ## - NOTA LOCAL
Texto de la nota local Inventariado, 2022/VM
650 #4 - ENCABEZAMIENTO DE MATERIA--TEMÁTICO
Término temático o nombre geográfico como elemento de entrada Derechos de la mujer
650 #4 - ENCABEZAMIENTO DE MATERIA--TEMÁTICO
Término temático o nombre geográfico como elemento de entrada Ley no. 24-97
Subdivisión temática general Violencia conyugal
-- Legislación
Subdivisión geográfica República Dominicana
651 ## - ENCABEZAMIENTO DE MATERIA--NOMBRE GEOGRÁFICO
Nombre geográfico
710 2# - ASIENTO SECUNDARIO -- NOMBRE CORPORATIVO
Nombre corporativo o de jurisdicción Secretaría de Estado de la Mujer (República Dominicana)
910 ## - VALIDACIÓN
Validación VMateo V.
942 ## - ADDED ENTRY ELEMENTS (KOHA)
Source of classification or shelving scheme Dewey Decimal Classification
Koha item type Libros
Existencias
Withdrawn status Lost status Source of classification or shelving scheme Damaged status Not for loan Collection code Home library Current library Date acquired Source of acquisition Total Checkouts Full call number Barcode Date last seen Price effective from Koha item type
    Dewey Decimal Classification     Colección Dominicana Biblioteca Pública Metropolitana Salomé Ureña Biblioteca Pública Metropolitana Salomé Ureña 03/30/2022 Maritza Pérez Gimbernard   BPMSU CD 346.72930134 R426L 2002 BPMSU22030130 03/30/2022 03/30/2022 Libros